|
|
|
|
| LEADER |
00000nab a2200000 a 4500 |
| 001 |
vtls008876568 |
| 003 |
SK-MaSNL |
| 005 |
20260304144921.0 |
| 008 |
250505c2006 xo 0 slo |
| 015 |
|
|
|a SNBCL2005/5
|
| 035 |
|
|
|a SLK038015
|
| 035 |
|
|
|a urn:nbn:sk:snk-abynt
|
| 035 |
|
|
|a (urnnbn)urn:nbn:sk:snk:ar-a03ilt
|
| 035 |
|
|
|a (uuid)1175b8a5-7d74-4e11-b901-2c3b9906fbfa
|
| 040 |
|
|
|a SNKBUCL
|b slo
|c SNKBUCL
|e AACR2
|
| 041 |
0 |
|
|a eng
|
| 044 |
|
|
|a xo
|c SK
|
| 080 |
|
|
|a 616-073.7:53:061.3
|2 1981
|
| 100 |
1 |
|
|a Kecskés, Arpád
|4 aut
|9 6855
|
| 245 |
1 |
0 |
|a Physical principles of some scanning methods used in medicine
|c A. Kecskes, A. Teleki
|
| 650 |
0 |
7 |
|a zobrazenie diagnostické
|x história
|2 MESH
|9 1466913
|
| 650 |
0 |
7 |
|a röntgenové žiarenie
|2 MESH
|9 50204
|
| 650 |
0 |
7 |
|a MRI
|x história
|2 MESH
|9 1466914
|
| 650 |
0 |
7 |
|a abstrakty z kongresu
|2 MESH
|9 168204
|
| 700 |
1 |
|
|a Teleki, Aba
|4 aut
|9 28216
|
| 773 |
0 |
|
|t Bratislavské lekárske listy/Bratislava medical journal
|g Vol. 107, no. 4 (2006), s. 153
|x 0006-9248
|
| 850 |
|
|
|a Slovenská národná knižnica
|
| 852 |
|
|
|a Slovenská národná knižnica
|
| 958 |
|
|
|a article27
|
| 958 |
|
|
|a OND
|
| 958 |
|
|
|a EUIPO
|
| 999 |
|
|
|c 2933879
|d 2935809
|